Carta encíclica de nuestro santísimo señor Juan por la divina providencia Papa XXIII, a los venerables hermanos patriarcas, primados, arzobispos, obispos, y demás ordinarios, en paz y comunión con la sede apostólica, al clero y fieles de todo el mundo y a todos los hombres de buena voluntad

Guardat en:
Dades bibliogràfiques
Format: Llibre
Idioma:espanyol
Publicat: Santiago El Diario Ilustrado 1963
Matèries:
Etiquetes: Afegir etiqueta
Sense etiquetes, Sigues el primer a etiquetar aquest registre!

MARC

LEADER 00000nam a2200000 a 4500
001 UCL3047
003 CL-VaPUC
008 031114e19630000cl |||||||||||||||||spa|d
082 0 4 |a 262.91  |b CAR  |2 21 
245 1 0 |a Carta encíclica de nuestro santísimo señor Juan por la divina providencia Papa XXIII, a los venerables hermanos patriarcas, primados, arzobispos, obispos, y demás ordinarios, en paz y comunión con la sede apostólica, al clero y fieles de todo el mundo y a todos los hombres de buena voluntad 
300 |a 30 p 
942 |c BK 
945 |d 20031114 00:00:00  |a vberengu 
260 |a Santiago  |b El Diario Ilustrado  |c 1963 
600 0 |a Juan XXIII  |9 337271 
650 0 |a Documentos pontificios   |9 255642 
650 0 |a Encíclicas  |9 255643 
583 |a last modification  |c 20171010 01:32:56  |k Rodrigo Vera 
999 |c 306182  |d 306180 
952 |0 0  |1 0  |4 0  |6 262_910000000000000_CAR_1963  |7 0  |8 A  |9 370991  |a BIBTEO  |b BIBTEO  |d 2019-11-21  |i 2093162  |o 262.91 CAR 1963  |p 2093162  |r 2025-01-17  |w 2019-11-21  |y BK  |k ICR 
952 |0 0  |1 2  |4 0  |6 262_910000000000000_CAR_1963  |7 0  |8 A  |9 370992  |a BIBTEO  |b BIBTEO  |d 2019-11-21  |i 2093170  |o 262.91 CAR 1963  |p 2093170  |r 2019-11-21  |w 2019-11-21  |x Descarte 2019  |y BK  |k ICR 
952 |0 0  |1 0  |4 0  |6 262_910000000000000_CAR_1963  |7 0  |8 A  |9 370993  |a BIBTEO  |b BIBTEO  |d 2019-11-21  |i 2093189  |o 262.91 CAR 1963  |p 2093189  |r 2025-01-17  |w 2019-11-21  |y BK  |k ICR 
952 |0 0  |1 2  |4 0  |6 262_910000000000000_CAR_1963  |7 0  |8 A  |9 370994  |a BIBTEO  |b BIBTEO  |d 2019-11-21  |i 2093197  |o 262.91 CAR 1963  |p 2093197  |r 2019-11-21  |w 2019-11-21  |x Descarte 2019  |y BK  |k ICR 
952 |0 0  |1 2  |4 0  |6 262_910000000000000_CAR_1963  |7 0  |8 A  |9 370995  |a BIBTEO  |b BIBTEO  |d 2019-11-21  |i 2093200  |o 262.91 CAR 1963  |p 2093200  |r 2019-11-21  |w 2019-11-21  |x Descarte 2019  |y BK  |k ICR 
952 |0 0  |1 0  |4 0  |6 262_910000000000000_CAR_1963  |7 0  |8 A  |9 370996  |a BIBTEO  |b BIBTEO  |d 2019-11-21  |i 2093219  |o 262.91 CAR 1963  |p 2093219  |r 2025-01-17  |w 2019-11-21  |y BK  |k ICR 
952 |0 0  |1 2  |4 0  |6 262_910000000000000_CAR_1963  |7 0  |8 A  |9 370997  |a BIBTEO  |b BIBTEO  |d 2019-11-21  |i 2095009  |o 262.91 CAR 1963  |p 2095009  |r 2019-11-21  |w 2019-11-21  |x Descarte 2019  |y BK  |k ICR